Le monde atlantique : Un espace en mouvement XVe-XVIIIe siècle (notice n° 1568483)
[ vue normale ]
| 000 -LEADER | |
|---|---|
| fixed length control field | 01516cam a2200133 4500500 |
| 005 - DATE AND TIME OF LATEST TRANSACTION | |
| control field | 20251214004345.0 |
| 041 ## - LANGUAGE CODE | |
| Language code of text/sound track or separate title | fre |
| 042 ## - AUTHENTICATION CODE | |
| Authentication code | dc |
| 100 10 - MAIN ENTRY--PERSONAL NAME | |
| Personal name | Schnakenbourg, Éric |
| Relator term | author |
| 245 00 - TITLE STATEMENT | |
| Title | Le monde atlantique : Un espace en mouvement XVe-XVIIIe siècle |
| 260 ## - PUBLICATION, DISTRIBUTION, ETC. | |
| Name of publisher, distributor, etc. | Armand Colin,<br/> |
| Date of publication, distribution, etc. | 2021.<br/> |
| 520 ## - SUMMARY, ETC. | |
| Summary, etc. | Avec les découvertes portugaises du XVe siècle, le monde atlantique devient un creuset où se rencontrent des capitaux, une demande et un imaginaire européens ; une main-d’œuvre en Afrique et des ressources à exploiter en Amérique. Cette convergence inédite génère différents phénomènes : le colonialisme, le développement économique et commercial, mais aussi d’importantes migrations, volontaires ou contraintes, et constitution de nouvelles identités. L’océan Atlantique devient ainsi un espace unique de circulations, d’échanges, d’interactions, pacifiques ou violentes, et donc d’ouvertures, pour le meilleur ou pour le pire, vers des horizons lointains. Loin des polémiques et tout à fait inédit, cet ouvrage permet de saisir de manière globale la nature, la diversité et l’ampleur des bouleversements qui affectent le monde atlantique sur quatre siècles, jusqu’aux élans révolutionnaires de la fin du XVIIIe siècle, et comment est née une véritable identité atlantique, faite de confrontations autant que d'échanges et de partage. |
| 856 41 - ELECTRONIC LOCATION AND ACCESS | |
| Uniform Resource Identifier | <a href="https://shs.cairn.info/le-monde-atlantique--9782200627997?lang=fr&redirect-ssocas=7080">https://shs.cairn.info/le-monde-atlantique--9782200627997?lang=fr&redirect-ssocas=7080</a> |
Pas d'exemplaire disponible.




Réseaux sociaux